Spirituelle Aufbrüche: Perspektiven evangelischer Glaubenspraxis ; Festschrift für Manfred Seitz zum 75. Geburtstag
| Contributors: | ; ; |
|---|---|
| Format: | Print Book |
| Language: | German |
| Subito Delivery Service: | Order now. |
| Check availability: | HBZ Gateway |
| WorldCat: | WorldCat |
| Interlibrary Loan: | Interlibrary Loan for the Fachinformationsdienste (Specialized Information Services in Germany) |
| Published: |
Göttingen
Vandenhoeck und Ruprecht
2003
|
| In: | Year: 2003 |
| Volumes / Articles: | Show volumes/articles. |
| Standardized Subjects / Keyword chains: | B
Spirituality
/ Protestant theology
|
| Further subjects: | B
Christian Life
B Collection of essays B Seitz, Manfred B Theology, Practical B Spirituality B Seitz, Manfred (1928-) B Festschrift B Spirituality Protestant churches B Seitz, Manfred 1928-2017 |
| Online Access: |
Rezension (Publisher) |
| Parallel Edition: | Electronic
|
MARC
| LEADER | 00000cam a2200000 c 4500 | ||
|---|---|---|---|
| 001 | 369550994 | ||
| 003 | DE-627 | ||
| 005 | 20251223202453.0 | ||
| 007 | tu | ||
| 008 | 030917s2003 gw ||||| 00| ||ger c | ||
| 015 | |a 03,N40,0163 |2 dnb | ||
| 016 | 7 | |a 968712673 |2 DE-101 | |
| 020 | |a 3525604084 |9 3-525-60408-4 | ||
| 024 | 3 | |a 9783525604083 | |
| 035 | |a (DE-627)369550994 | ||
| 035 | |a (DE-576)107117231 | ||
| 035 | |a (DE-599)GBV369550994 | ||
| 035 | |a (OCoLC)249667801 | ||
| 040 | |a DE-627 |b ger |c DE-627 |e rakwb | ||
| 041 | |a ger | ||
| 044 | |c XA-DE | ||
| 050 | 0 | |a BV4510.3 | |
| 082 | 0 | |a 248.4841 | |
| 082 | 0 | |a 248.0882841 | |
| 084 | |a 12 |2 sdnb | ||
| 084 | |a 1 |2 ssgn | ||
| 084 | |a BQ 1100 |2 rvk |0 (DE-625)rvk/15188: | ||
| 084 | |a 11.70 |2 bkl | ||
| 084 | |a 11.55 |2 bkl | ||
| 245 | 0 | 0 | |a Spirituelle Aufbrüche |b Perspektiven evangelischer Glaubenspraxis ; Festschrift für Manfred Seitz zum 75. Geburtstag |c hrsg. von Michael Herbst in Zsarb. mit Christian Eyselein, .. |
| 246 | 3 | 0 | |a Fünfundsiebzigsten |
| 263 | |a Gb. : EUR 39.90, EUR AT 41.10, CHF 66.00 | ||
| 264 | 1 | |a Göttingen |b Vandenhoeck und Ruprecht |c 2003 | |
| 300 | |a 249 S |b Ill | ||
| 336 | |a Text |b txt |2 rdacontent | ||
| 337 | |a ohne Hilfsmittel zu benutzen |b n |2 rdamedia | ||
| 338 | |a Band |b nc |2 rdacarrier | ||
| 361 | 1 | |5 DE-32 |y 752989502 |s 212200 - A |o Vorbesitz |a Vandenhoeck & Ruprecht |0 (DE-588)2024420-4 |0 (DE-627)102163758 |0 (DE-576)191770086 |f Stempel | |
| 361 | 1 | |a Vandenhoeck & Ruprecht |f Stempel |5 DE-32 |y 752990233 |s 187931 - A |o Vorbesitz |0 (DE-588)2024420-4 |0 (DE-627)102163758 |0 (DE-576)191770086 | |
| 583 | 1 | |a Archivierung/Langzeitarchivierung gewährleistet |f SSG |x XA-DE-BW |2 pdager |5 DE-21 | |
| 583 | 1 | |a Archivierung/Langzeitarchivierung gewährleistet |f PENI |x XA-DE-NI |2 pdager |5 DE-35 | |
| 583 | 1 | |a Archivierung prüfen |c 20240324 |f DE-4165 |z 3 |2 pdager | |
| 600 | 1 | 0 | |a Seitz, Manfred |d 1928- |
| 601 | |a Aufbruch | ||
| 601 | |a Geburtstag | ||
| 601 | |a Perspektive | ||
| 601 | |a Festschrift | ||
| 601 | |a Evangeliar | ||
| 601 | |a Seitz, Manfred | ||
| 650 | 0 | |a Christian Life | |
| 650 | 0 | |a Theology, Practical | |
| 650 | 0 | |a Spirituality |x Protestant churches | |
| 650 | 4 | |a Festschrift | |
| 650 | 4 | |a Spiritualität | |
| 650 | 4 | |a Aufsatzsammlung | |
| 650 | 4 | |a Seitz, Manfred | |
| 655 | 7 | |a Aufsatzsammlung |0 (DE-588)4143413-4 |0 (DE-627)105605727 |0 (DE-576)209726091 |2 gnd-content | |
| 655 | 7 | |a Festschrift |0 (DE-588)4016928-5 |0 (DE-627)104400986 |0 (DE-576)208917802 |2 gnd-content | |
| 689 | 0 | 0 | |d s |0 (DE-588)4116568-8 |0 (DE-627)105805785 |0 (DE-576)209502630 |2 gnd |a Spiritualität |
| 689 | 0 | 1 | |d s |0 (DE-588)4015875-5 |0 (DE-627)104452455 |0 (DE-576)208913998 |2 gnd |a Evangelische Theologie |
| 689 | 0 | |5 DE-101 | |
| 700 | 1 | |e Hrsg. |0 (DE-588)122925432 |0 (DE-627)082238642 |0 (DE-576)164529357 |4 edt |a Herbst, Michael |d 1955- | |
| 700 | 1 | |e GefeierteR |0 (DE-588)119131145 |0 (DE-627)079925847 |0 (DE-576)211296627 |4 hnr |a Seitz, Manfred |d 1928-2017 | |
| 700 | 1 | |0 (DE-588)113488033 |0 (DE-627)508764688 |0 (DE-576)289764521 |4 oth |a Eyselein, Christian |d 1958- | |
| 776 | 0 | 8 | |i Erscheint auch als |n Online-Ausgabe |t Spirituelle Aufbrüche |b 1. Aufl (Online-Ausg.) |d Göttingen : Vandenhoeck & Ruprecht, 2003 |h 249 S. |w (DE-627)1652440089 |w (DE-576)383349672 |k Electronic |
| 856 | 4 | 2 | |u https://swbplus.bsz-bw.de/bsz107117231rez.htm |m B:DE-576;DE-21 |q application/pdf |v 20160413151329 |x Verlag |3 Rezension |7 1 |
| 935 | |a mteo | ||
| 935 | |i Blocktest | ||
| 936 | r | v | |a BQ 1100 |b Festschriften |k Theologie und Religionswissenschaften |k Evangelische Praktische Theologie |k Allgemeines |k Festschriften |0 (DE-627)1272618609 |0 (DE-625)rvk/15188: |0 (DE-576)202618609 |
| 936 | b | k | |a 11.70 |j Praktische Theologie: Allgemeines |0 (DE-627)106403826 |
| 936 | b | k | |a 11.55 |j Protestantismus |0 (DE-627)106403907 |
| 951 | |a BO | ||
| ACO | |a 1 | ||
| ELC | |b 1 | ||
| ITA | |a 1 |t 1 | ||
| LOK | |0 000 xxxxxcx a22 zn 4500 | ||
| LOK | |0 001 3126403107 | ||
| LOK | |0 003 DE-627 | ||
| LOK | |0 004 369550994 | ||
| LOK | |0 005 20031210000000 | ||
| LOK | |0 008 031210||||||||||||||||ger||||||| | ||
| LOK | |0 040 |a DE-21 |c DE-627 |d DE-21 | ||
| LOK | |0 852 |a DE-21 | ||
| LOK | |0 852 1 |c 43 A 15338 |9 00 | ||
| LOK | |0 935 |a theo | ||
| LOK | |0 936ln |a t6 | ||
| LOK | |0 939 |a 2003-12-10 |b l01 | ||
| LOK | |0 000 xxxxxcx a22 zn 4500 | ||
| LOK | |0 001 3126403212 | ||
| LOK | |0 003 DE-627 | ||
| LOK | |0 004 369550994 | ||
| LOK | |0 005 20100408105104 | ||
| LOK | |0 008 040205||||||||||||||||ger||||||| | ||
| LOK | |0 040 |a DE-21-31 |c DE-627 |d DE-21-31 | ||
| LOK | |0 541 |e 03/1459 | ||
| LOK | |0 852 |a DE-21-31 | ||
| LOK | |0 852 1 |c Pa V a 51 |m p |9 00 | ||
| LOK | |0 938 |k p | ||
| LOK | |0 938 |l E12 |8 0 | ||
| LOK | |0 939 |a 2004-02-05 |b l01 | ||
| LOK | |0 000 xxxxxcx a22 zn 4500 | ||
| LOK | |0 001 3126403573 | ||
| LOK | |0 003 DE-627 | ||
| LOK | |0 004 369550994 | ||
| LOK | |0 005 20190225084308 | ||
| LOK | |0 008 160404||||||||||||||||ger||||||| | ||
| LOK | |0 040 |a DE-Tue135 |c DE-627 |d DE-Tue135 | ||
| LOK | |0 092 |o n | ||
| LOK | |0 852 |a DE-Tue135 | ||
| LOK | |0 852 1 |c 43 A 15338 |9 00 | ||
| LOK | |0 866 |x fsOK. - 6 AoB-Aufsätze eliminiert (02/2019 TUUB/sb) | ||
| LOK | |0 935 |a ixfs |a ixmi | ||
| LOK | |0 939 |a 2016-04-04 |b l01 | ||
| ORI | |a TA-MARC-ixtheob001.raw | ||
| REL | |a 1 | ||
| SPR | |a 1 |t IXT |t REL | ||
| STA | 0 | 0 | |a Collection of essays,Festschrift,Protestant theology,Spirituality,Spirituality,Spirituality in art |
| STB | 0 | 0 | |a Publication commémorative,Recueil d'articles,Spiritualité,Spiritualité,Théologie protestante |
| STC | 0 | 0 | |a Colección de artículos,ensayos,ensayos,Espiritualidad,Espiritualidad,Libro en homenaje,Teología evangélica |
| STD | 0 | 0 | |a Pubblicazione celebrativa,Raccolta di saggi,Opera collettiva,Opera collettiva,Spiritualità,Spiritualità,Teologia evangelica |
| STE | 0 | 0 | |a 新教神学,更正教神学,灵性,纪念文集,纪念文章 |
| STF | 0 | 0 | |a 新教神學,更正教神學,紀念文集,紀念文章,靈性 |
| STG | 0 | 0 | |a Coletânea de artigos,ensaios,ensaios,Espiritualidade,Espiritualidade,Livro em homenagem,Teologia evangélica |
| STH | 0 | 0 | |a Духовность (мотив),Духовность,Памятное издание,Протестантское богословие,Сборник статей |
| STI | 0 | 0 | |a Εορταστική έκδοση,Ευαγγελική θεολογία,Πνευματικότητα (μοτίβο),Πνευματικότητα,Συλλογή δοκιμίων |
| SUB | |a REL | ||
| SYE | 0 | 0 | |a Gedächtnisschrift,Gedenkschrift,Festschriften , Geistigkeit , Einzelbeiträge,Essays,Reader,Sammelwerk,Sammlung <Aufsatzsammlung>,Beiträge,Einzelbeiträge,Sammelwerk |
| SYG | 0 | 0 | |a Geistigkeit , Blätter zur kirchlichen Lage,Zwischen den Zeiten , Protestantische Theologie,Evangelische Kirche |



